LEADER 01225nam0 2200313 450 001 000026541 005 20090915160004.0 010 $a88-386-6256-8 100 $a20090915d2005----km-y0itay50------ba 101 0 $aita 102 $aIT 105 $ay-------001yy 200 1 $a<>foglio elettronico per la statistica nelle scienze sociali$fDaniela Bagnati, Giovanni Nicolini...[et al.] 210 $aMilano$cMcgraw$dc2005 215 $aXV, 272 p.$d24 cm$eCD-Rom 225 2 $aIT4PS$einformation technology for problem solving 410 0$12001$aIT4PS : einformation technology for problem solving 500 10$a<>foglio elettronico per la statistica nelle scienze sociali$959144 610 1 $aMicroelaboratori elettronici$aImpiego nelle scienze umane 610 1 $aScienze sociali$aRicerche$aMetodi statistici 676 $a005.5$v20$9Programmazione. Specifici programmi 676 $a519.5$v20$9Statistica matematica 702 1$aBagnati,$bDaniela 702 1$aNicolini,$bGiovanna 801 0$aIT$bUNIPARTHENOPE$c20090915$gRICA$2UNIMARC 912 $a000026541 951 $a005-F/5$b41635$cNAVA1$d2009 996 $aFoglio elettronico per la statistica nelle scienze sociali$959144 997 $aUNIPARTHENOPE LEADER 02137oam 2200613zu 450 001 9910698400503321 005 20251017110104.0 035 $a(CKB)3450000000002091 035 $a(SSID)ssj0000620936 035 $a(PQKBManifestationID)11407485 035 $a(PQKBTitleCode)TC0000620936 035 $a(PQKBWorkID)10613809 035 $a(PQKB)11586029 035 $a(WaSeSS)Ind00030715 035 $a(OCoLC)188048068 035 $a(DNLM)1317938 035 $a(EXLCZ)993450000000002091 100 $a20160829d2007 uy 101 0 $aeng 135 $aur||||||||||| 181 $ctxt 182 $cc 183 $acr 200 00$aConsumer-oriented strategies for improving health benefit design : an overview 210 31$a[Place of publication not identified]$cAgency for Healthcare Research and Quality$d2007 215 $a1 online resource 225 0 $aTechnical review Consumer-oriented strategies for improving health benefit design 300 $aBibliographic Level Mode of Issuance: Monograph 320 $aIncludes bibliographical references. 410 0$aTechnical review (United States. Agency for Healthcare Research and Quality) ;$vno. 15. 410 0$aAHRQ publication ;$vno. 07-0067. 606 $aHealth insurance$xResearch$zUnited States$vCase studies 606 $aMedical care$zUnited States 606 $aInsurance, Health 606 $aQuality of Health Care 606 $aModels, Theoretical 606 $aCommunity Participation 607 $aUnited States 615 0$aHealth insurance$xResearch 615 0$aMedical care 615 12$aInsurance, Health. 615 22$aQuality of Health Care. 615 22$aModels, Theoretical. 615 22$aCommunity Participation. 676 $a658.3/254 702 $aBundorf$b M. Kate 702 $aRoyalty$b Anne Beeson 702 $aBaker$b Laurence Claude 712 02$aUnited States Agency for Healthcare Research and Quality 801 0$bPQKB 906 $aBOOK 912 $a9910698400503321 996 $aConsumer-oriented strategies for improving health benefit design : an overview$93184588 997 $aUNINA